| 000 | 00352nam a22001457a 4500 | ||
|---|---|---|---|
| 003 | SGT | ||
| 020 | _a9789395759953 | ||
| 082 |
_a340.072 _bMYN |
||
| 100 | _aMYNENI S.R | ||
| 245 | _aLEGAL EDUCATION RESEARCH METHODOLOGY AND LEGAL WRITING | ||
| 250 | _a9 | ||
| 260 |
_aFARIDABAD _bALLAHABAD LAW AGENCY _c2024 |
||
| 300 | _a694 | ||
| 942 |
_2ddc _cBK _030 |
||
| 999 |
_c25769 _d25769 |
||